000 01371nam a2200337 i 4500
003 EG-GICUC
005 20260312133442.0
008 260312s1957 ua ||||fr|||| 00| 0 ara d
040 _a EG-GICUC
_bara
_c EG-GICUC
_d EG-GICUC
_erda
041 _aara
082 0 4 _221
_a343.64
_bر م . ح
092 0 4 _221
099 _aLaw1 10 343.64 ر م . ح 1957
100 0 _aرمسيس بهنام
_eمؤلف.
245 1 2 _aالحالة الاقتصادية والطبقة الاجتماعية وصلتهما بظاهرة الاجرام /
_cللدكتور رمسيس بهنام.
264 3 _aالجيزة :
_bمطبعة جامعة القاهرة،
_c1957.
300 _a158 صفحة ;
_c24 سم.
_bإيضاحيات، صور، مثيليات ؛
336 _2rda content
_atext
337 _2rda media
_aComputer
338 _2rda carrier
_aOnline Resource
504 _a. 240-220 ببليوجرافيا: صفحات.
546 _aالنص باللغة العربية
650 1 _aالقانون الجنائي
_2qrmak
650 1 _aالعوامل الإجرامية المتعلقة بالبيئة الخارجية
_2qrmak
650 1 _aالبيئة الاجتماعية
_2qrmak
650 1 _aالبيئة الإقتصادية
_2qrmak
651 1 _2qrmak
856 4 0 _uhttps://fll.law.cu.edu.eg/fulltext/bks/B10-08882.pdf
905 _a43
942 _2ddc
_n0
_cBK
_e21
999 _c66278
_d66278